Mathematical methods in the physical sciences (Record no. 196851)

MARC details
000 -LEADER
fixed length control field 00439nam a2200169Ia 4500
008 - FIXED-LENGTH DATA ELEMENTS--GENERAL INFORMATION
fixed length control field 231217s9999 xx 000 0 und d
020 ## - INTERNATIONAL STANDARD BOOK NUMBER
International Standard Book Number 981412625x
041 ## - LANGUAGE CODE
Language code of text/sound track or separate title English
082 ## - DEWEY DECIMAL CLASSIFICATION NUMBER
Classification number 510 BOA;2 R1
100 ## - MAIN ENTRY--PERSONAL NAME
Personal name Boas, Mary L.
245 #0 - TITLE STATEMENT
Title Mathematical methods in the physical sciences
250 ## - EDITION STATEMENT
Edition statement 2nd ed.
260 ## - PUBLICATION, DISTRIBUTION, ETC.
Date of publication, distribution, etc. 2002
Name of publisher, distributor, etc. John Wiley & Sons
Place of publication, distribution, etc. New York
300 ## - PHYSICAL DESCRIPTION
Extent xx, 793
650 ## - SUBJECT ADDED ENTRY--TOPICAL TERM
Topical term or geographic name entry element Mathematical,physical
942 ## - ADDED ENTRY ELEMENTS (KOHA)
Koha item type Books
Holdings
Date last seen Total checkouts Full call number Accession number Price effective from Category Public note Lost status Damaged status Department Withdrawn status Home library Current library Shelving location Entry date Grants Currency symbol Conversion rate Discount Old discount
26/01/2024   510 BOA;2 R1 89865 26/01/2024 Books Donated by Dr.Anirbon chakraborty     Central Library   Central Library Central Library Central Library 27/02/2015 DONATED RS 1    

© For any Suggestions or Query, please contact the library staff @ librarian@pes.edu or Phone: +9180 2672 1983/ 2108.